|
|
|
|
| LEADER |
00000nom a22000007a 4500 |
| 001 |
025810 |
| 003 |
UAHC_CL |
| 005 |
20230322114325.0 |
| 008 |
080428s2014 cl 000 spa |
| 040 |
|
|
|a UAHC_CL
|c UAHC_CL
|d UAHC_CL
|
| 245 |
1 |
0 |
|a Audifonos.
|
| 300 |
|
|
|a 1 auriculares
|
| 500 |
|
|
|a Revisar en la devolución el estado de los audífonos.
|
| 900 |
|
|
|a AUDIFONOS
|
| 942 |
|
|
|c DELEC
|2 ddc
|
| 952 |
|
|
|0 0
|1 0
|4 0
|6 AUDIFONOS
|7 0
|8 COMP
|9 52462
|a BC
|b BC
|c Hemeroteca
|d 2017-08-03
|l 105
|o AUDIFONOS
|p 10218
|r 2023-08-29 00:00:00
|s 2023-08-29
|t 1
|w 2017-08-03
|y DELEC
|
| 952 |
|
|
|0 0
|1 0
|4 0
|6 AUDIFONOS
|7 0
|8 COMP
|9 52463
|a BC
|b BC
|c Hemeroteca
|d 2017-08-03
|l 350
|o AUDIFONOS
|p 10219
|r 2026-04-29 16:29:35
|s 2026-04-29
|t 2
|w 2017-08-03
|y DELEC
|
| 952 |
|
|
|0 0
|1 0
|4 0
|6 AUDIFONOS
|7 0
|8 COMP
|9 95088
|a BS
|b BS
|c Hemeroteca
|d 2022-03-24
|l 262
|o AUDIFONOS
|p 1471617
|r 2025-05-07 17:22:10
|s 2025-05-06
|t 3
|w 2022-03-24
|y DELEC
|
| 952 |
|
|
|0 0
|1 0
|4 0
|6 AUDIFONOS
|7 0
|8 COMP
|9 95089
|a BC
|b BC
|c Hemeroteca
|d 2022-03-24
|l 77
|o AUDIFONOS
|p 1471618
|r 2024-08-06 11:08:40
|s 2024-08-06
|t 4
|w 2022-03-24
|y DELEC
|z audífonos malos. 06/08/2024 PEA
|
| 952 |
|
|
|0 0
|1 0
|2 ddc
|4 0
|6 AUDIFONOS
|7 0
|8 COMP
|9 95090
|a BC
|b BC
|c Hemeroteca
|d 2022-03-24
|l 79
|o AUDIFONOS
|p 1471619
|r 2024-03-20 00:00:00
|s 2024-03-20
|t 5
|w 2022-03-24
|y DELEC
|z AUDÍFONO MALO, SE ESCUCHA POR UN LADO
|
| 952 |
|
|
|0 0
|1 0
|4 0
|6 AUDIFONOS
|7 0
|8 COMP
|9 95092
|a BS
|b BS
|c Referencia
|d 2022-03-24
|l 5
|o AUDIFONOS
|p 1471621
|r 2025-09-22 14:12:53
|s 2022-11-17
|t 2
|w 2022-03-24
|y DELEC
|
| 952 |
|
|
|0 0
|1 0
|4 0
|6 AUDIFONOS
|7 0
|8 COMP
|9 95093
|a BS
|b BS
|c Referencia
|d 2022-03-24
|l 195
|o AUDIFONOS
|p 1471622
|r 2024-09-06 14:54:45
|s 2024-09-04
|t 1
|w 2022-03-24
|y DELEC
|z Audífono roto en un parlante. 06/09/2024 PEA
|
| 952 |
|
|
|0 0
|1 0
|4 0
|6 AUDIFONOS
|7 0
|8 COMP
|9 95094
|a BS
|b BS
|c Referencia
|d 2022-03-24
|l 237
|o AUDIFONOS
|p 1471623
|r 2026-05-04 12:09:35
|s 2026-04-30
|t 2
|w 2022-03-24
|y DELEC
|
| 952 |
|
|
|0 0
|1 0
|4 0
|6 AUDÍFONOS
|7 0
|8 COMP
|9 99810
|a BC
|b BC
|c Hemeroteca
|d 2024-08-14
|e Compra
|g 19990.00
|l 81
|o AUDÍFONOS
|p 1472193
|r 2026-04-24 18:19:02
|s 2026-04-24
|t 9
|w 2024-08-14
|x Factura MTecno Nº128
|y DELEC
|
| 952 |
|
|
|0 0
|1 0
|4 0
|6 AUDÍFONOS
|7 0
|8 COMP
|9 99811
|a BC
|b BC
|c Hemeroteca
|d 2024-08-14
|e Compra
|g 19990.00
|l 100
|o AUDÍFONOS
|p 1472194
|q 2026-04-15
|r 2026-04-15 17:17:04
|s 2026-04-15
|t 10
|w 2024-08-14
|x Factura MTecno Nº128
|y DELEC
|
| 952 |
|
|
|0 0
|1 0
|2 ddc
|4 0
|6 AUDÍFONOS
|7 0
|8 COMP
|9 99812
|a BC
|b BC
|c Hemeroteca
|d 2024-08-14
|e Compra
|g 19990.00
|l 58
|o AUDÍFONOS
|p 1472195
|r 2026-01-23 17:56:19
|s 2026-01-21
|t 11
|w 2024-08-14
|x Factura MTecno Nº128
|y DELEC
|
| 952 |
|
|
|0 0
|1 0
|2 ddc
|4 0
|6 AUDÍFONOS
|7 0
|8 COMP
|9 99813
|a BR
|b BR
|c Referencia
|d 2024-08-14
|e Compra
|g 19990.00
|l 68
|o AUDÍFONOS
|p 1472196
|r 2026-05-04 21:18:14
|s 2026-05-04
|t 5
|w 2024-08-14
|x Factura MTecno Nº128
|y DELEC
|
| 952 |
|
|
|0 0
|1 0
|2 ddc
|4 0
|6 AUDÍFONOS
|7 0
|8 COMP
|9 99814
|a BS
|b BS
|c Referencia
|d 2024-08-14
|e Compra
|g 19990.00
|l 140
|o AUDÍFONOS
|p 1472197
|r 2026-04-16 12:21:44
|s 2026-04-16
|t 6
|w 2024-08-14
|x Factura MTecno Nº128
|y DELEC
|
| 952 |
|
|
|0 0
|1 0
|2 ddc
|4 0
|6 AUDÍFONOS
|7 0
|8 COMP
|9 99815
|a BS
|b BS
|c Referencia
|d 2024-08-14
|e Compra
|g 19990.00
|l 57
|o AUDÍFONOS
|p 1472198
|r 2025-07-07 14:53:14
|s 2025-07-03
|t 7
|w 2024-08-14
|x Factura MTecno Nº128
|y DELEC
|
| 952 |
|
|
|0 0
|1 0
|2 ddc
|4 0
|6 AUDÍFONOS
|7 0
|8 COMP
|9 99816
|a BS
|b BS
|c Referencia
|d 2024-08-14
|e Compra
|g 19990.00
|l 138
|o AUDÍFONOS
|p 1472199
|r 2026-04-28 17:37:12
|s 2026-04-28
|t 8
|w 2024-08-14
|x Factura MTecno Nº128
|y DELEC
|
| 952 |
|
|
|0 0
|1 0
|2 ddc
|4 0
|6 AUDÍFONOS
|7 0
|8 COMP
|9 99817
|a BS
|b BS
|c Referencia
|d 2024-08-14
|e Compra
|g 19990.00
|l 154
|o AUDÍFONOS
|p 1472200
|r 2026-05-04 14:47:59
|s 2026-05-04
|t 9
|w 2024-08-14
|x Factura MTecno Nº128
|y DELEC
|
| 952 |
|
|
|0 0
|1 0
|2 ddc
|4 0
|6 AUDÍFONOS
|7 0
|8 COMP
|9 99818
|a BS
|b BS
|c Referencia
|d 2024-08-14
|e Compra
|g 19990.00
|l 166
|o AUDÍFONOS
|p 1472201
|r 2026-04-16 12:20:00
|s 2026-04-16
|t 10
|w 2024-08-14
|x Factura MTecno Nº128
|y DELEC
|
| 952 |
|
|
|0 0
|1 0
|2 ddc
|4 0
|6 AUDÍFONOS
|7 0
|8 COMP
|9 99819
|a BS
|b BR
|c Referencia
|d 2024-08-14
|e Compra
|g 19990.00
|l 58
|o AUDÍFONOS
|p 1472202
|r 2025-11-25 21:37:28
|s 2025-11-24
|t 11
|w 2024-08-14
|x Factura MTecno Nº128
|y DELEC
|
| 999 |
|
|
|c 25810
|d 25810
|